LEADER 01439nam--2200397---450 001 990001823180203316 005 20200611073753.0 010 $a88-8247-121-7 035 $a000182318 035 $aUSA01000182318 035 $a(ALEPH)000182318USA01 035 $a000182318 100 $a20040706d2004----km-y0enga50------ba 101 $aita 102 $aIT 105 $a||||||||001yy 200 1 $aPassi del leggere$escritti di lettura, sulla lettura per la lettura$ead uso di chi scrive e di chi cita$fPiero Innocenti$gcon la collaborazione di Cristina Cavallaro 210 $aRoma$cVecchiarelli$d2004 215 $a2. v.$d20 cm 225 2 $aBibliografia, bibliologia, biblioteconomia$iCollana di Testi e Studi$fdiretta da Piero Inncenti e Giovanni Solimine$v13 327 1 $a : CLIII, 349 p. - : 350-895 p. 410 0$12001$aBibliografia, bibliologia, biblioteconomia$iCollana di Testi e Studi$fdiretta da Piero Inncenti e Giovanni Solimine$v13 454 1$12001 461 1$1001-------$12001 606 0 $aLettura 676 $a028 700 1$aINNOCENTI,$bPiero$02018 702 1$aCAVALLARO,$bCristina 801 0$aIT$bsalbc$gISBD 912 $a990001823180203316 951 $aI.2.B. 210/1(V C 2287/1)$b174454 L.M.$cV C$d00134349 951 $aI.2.B. 210/2(V C 2287/2)$b174455 L.M.$cV C$d00134344 959 $aBK 969 $aUMA 996 $aPassi del leggere$9743107 997 $aUNISA